00432nam a2200133Ia 4500008004100000020001800041050002500059100001800084245009000102250001300192260005500205300002900260521000900289140711s9999 xx 000 0 und d a9789710165155 aKPM 2790b.B188 2014 aBallada, Win. aIncome taxation made easy /cWin Ballada, author ; Susan Ballada, co-author & editor a14th ed. aManila, Philippines :bDomDane Publishers,cc2014. a474 p. :bill. ;c26 cm. aBSBA